Montevideanos : cuentos /

Guardado en:
Autor Principal: Benedetti, Mario
Formato: Libro
Publicado: Buenos Aires : Alfa argentina, 1974
Edición:6a. ed.
Series:Carabela mayor
Materias:
Etiquetas: Agregar Etiqueta
Sin Etiquetas, Sea el primero en etiquetar este registro!
LEADER 00972nam a22002295a 4500
001 CEM.cems013567
005 20110922093846.0
008 130507s1974##################000#0#####d
003 CEMS
082 0 4 |a U868.4 
100 1 |a Benedetti, Mario 
245 1 0 |a Montevideanos :  |b cuentos /  |c Mario Benedetti 
250 |a 6a. ed. 
260 |a Buenos Aires :  |b Alfa argentina,  |c 1974 
300 |a 165 p. 
490 0 |a Carabela mayor 
505 0 |a El presupuesto -- Sábado de gloria -- Inocencia -- La guerra y la paz -- Puntero izquierdo -- Esa boca -- Corazonada -- Aquí se respira bien -- No ha claudicado -- Almuerzo y dudas -- Se acabó la rabia -- Caramba y lástima -- Tan amigos -- Familia Iriarte -- Retrato de Elisa -- Los novios -- Los pocillos -- El resto es selva -- Déjanos caer 
653 |a Literatura 
653 |a Literatura uruguaya 
653 |a Cuentos 
653 |a Cuentos uruguayos siglo 20 
859 |a CEMS  |b BIB. CEMS - 11 de abril  |h U868.4  |i B434-3  |p 26198.11  |t Ej.1